[Event "Detroit (MOR/5/68)"]
[Site "?"]
[Date "1992.??.??"]
[Round "?"]
[White "Davis, Michael"]
[Black "McCarter, Robert"]
[Result "1/2-1/2"]
[WhiteElo "1605"]
[BlackElo "1785"]
[PlyCount "80"]
[EventDate "1992.??.??"]

{5/(68)} 1. e4 c6 2. d4 d5 3. e5 Bf5 4. Bd3 Bxd3 5. Qxd3 e6 6. Nc3 Qb6 7. Nge2
c5 8. dxc5 Bxc5 9. O-O Ne7 10. Na4 Qa5 11. Nxc5 Qxc5 12. Be3 Qc7 13. c3 Nf5 14.
f4 Nxe3 15. Qxe3 Nd7 16. Nd4 a6 17. f5 Nc5 18. fxe6 Nxe6 19. Nxe6 fxe6 20. Kh1
O-O-O 21. Rf2 Rhf8 22. Raf1 Rxf2 23. Rxf2 Qc4 24. b3 Qe4 25. Qe2 Qxe2 26. Rxe2
d4 27. cxd4 Rxd4 28. g3 g5 29. Kg2 g4 30. Kf2 Rd3 31. Re3 Rd2+ 32. Re2 Rxe2+
33. Kxe2 Kc7 34. Kd3 Kc6 35. Kd4 a5 36. a3 b5 37. b4 axb4 38. axb4 h6 39. Ke4
Kd7 40. Kd4 Kc6 1/2-1/2

[Event "Detroit (MOR/1b/56)"]
[Site "?"]
[Date "1992.??.??"]
[Round "?"]
[White "Davis, Michael"]
[Black "Boyer, Mike"]
[Result "1-0"]
[WhiteElo "1605"]
[BlackElo "1605"]
[PlyCount "77"]
[EventDate "1992.??.??"]

1. e4 e5 2. Nf3 Nc6 3. Bb5 d6 4. O-O Nf6 5. c3 Bg4 6. h3 Bh5 7. d4 exd4 8. cxd4
a6 9. Ba4 b5 10. Bb3 Be7 11. e5 dxe5 12. dxe5 Qxd1 13. Rxd1 Nxe5 14. g4 Nxf3+
15. Kg2 Nh4+ 16. Kh1 Bg6 17. Bg5 Be4+ 18. Kg1 Nf3+ 19. Kf1 Nxg5 20. Nc3 O-O 21.
h4 Nh3 22. g5 Bf3 23. Rd3 Ng4 24. a3 Bc5 25. Nd1 Rae8 26. Ne3 Bxe3 27. fxe3
Nh2+ 28. Ke1 Nf4 29. Rc3 Ng2+ 30. Kf2 Nxh4 31. Kg3 Nf5+ 32. Kxh2 Re4 33. Re1
Rh4+ 34. Kg1 Rh1+ 35. Kf2 Rxe1 36. Kxe1 Re8 37. Rxc7 Rxe3+ 38. Kf2 Rxb3 39.
Rc8# 1-0

[Event "Detroit (MI Action/1)"]
[Site "?"]
[Date "1992.??.??"]
[Round "?"]
[White "Davis, C."]
[Black "Vaka, Flamur"]
[Result "0-1"]
[WhiteElo "1605"]
[BlackElo "1605"]
[PlyCount "92"]
[EventDate "1992.??.??"]

1. e3 d5 2. f4 Bf5 3. Nc3 Nf6 4. Nf3 Nbd7 5. Bd3 Bxd3 6. cxd3 Nc5 7. d4 Nd3+ 8.
Ke2 Nxc1+ 9. Qxc1 c6 10. Ne5 e6 11. Qc2 Bd6 12. Nf3 Rc8 13. g4 Nd7 14. d3 c5
15. a4 c4 16. dxc4 Rxc4 17. Qd3 Qa5 18. b4 Qxb4 19. Kd2 Qb2+ 20. Qc2 Qxc2+ 21.
Kxc2 Bb4 22. Rab1 Bxc3 23. Rb3 Bxd4+ 24. Kd3 Nc5+ 25. Ke2 Nxb3 26. exd4 Nxd4+
27. Nxd4 Rxd4 28. Rd1 Rxd1 29. Kxd1 Kd7 30. Ke2 Rc8 31. Ke3 Rc4 32. a5 Ra4 33.
h4 Rxa5 34. f5 exf5 35. gxf5 Rc5 36. Kf4 b5 37. Kg5 b4 38. f6 g6 39. Kh6 b3 40.
Kg7 b2 41. Kxf7 b1=Q 42. Kg7 Ke6 43. f7 Qb2+ 44. Kg8 Rc8+ 45. Kxh7 Rh8+ 46.
Kxg6 Qf6# 0-1

[Event "Flint (Class A/2)"]
[Site "?"]
[Date "1992.??.??"]
[Round "?"]
[White "Dangremond, Leonard"]
[Black "Drkulec, Vladimir"]
[Result "0-1"]
[WhiteElo "1945"]
[BlackElo "1875"]
[PlyCount "34"]
[EventDate "1992.??.??"]

1. e4 e5 2. Nf3 Nc6 3. Bb5 a6 4. Bxc6 dxc6 5. O-O Bg4 6. h3 h5 7. d3 Qf6 8. Be3
Bd6 9. Nbd2 Ne7 10. c3 Qg6 11. Nh4 Qf6 12. hxg4 Qxh4 13. g5 f6 14. gxf6 gxf6
15. Qb3 Kd7 16. Rad1 Rag8 17. Nf3 Qg4 0-1

[Event "Detroit (MI Action/1)"]
[Site "?"]
[Date "1992.??.??"]
[Round "?"]
[White "Dane, C."]
[Black "Bullard, M."]
[Result "1-0"]
[WhiteElo "1605"]
[BlackElo "1605"]
[PlyCount "21"]
[EventDate "1992.??.??"]

1. e4 e5 2. Nf3 Nc6 3. Bc4 Nf6 4. Ng5 Bc5 5. Bxf7+ Kf8 6. Nc3 Ng4 7. Qxg4 h6 8.
Qf5 hxg5 9. Be6+ Ke7 10. Qf7+ Kd6 11. Nb5# 1-0

[Event "East Lansing (MI Am/2)"]
[Site "?"]
[Date "1992.??.??"]
[Round "?"]
[White "Curtis, E."]
[Black "Talreja, M."]
[Result "1/2-1/2"]
[WhiteElo "1605"]
[BlackElo "1605"]
[PlyCount "141"]
[EventDate "1992.??.??"]

1. d4 b5 2. Nf3 Bb7 3. Nbd2 e6 4. g3 c5 5. e3 Nf6 6. Bg2 Nc6 7. O-O Rb8 8. Ne5
Nxe5 9. dxe5 Bxg2 10. Kxg2 Nd5 11. c4 bxc4 12. Nxc4 Qc7 13. b3 Qc6 14. Qf3 Be7
15. Kg1 O-O 16. Rd1 f5 17. h4 Rbd8 18. e4 Nb4 19. Bd2 fxe4 20. Qg4 Nd3 21. Bh6
Rf7 22. Rf1 Qd5 23. Rad1 Nxe5 24. Nxe5 Qxe5 25. Bf4 Qf5 26. Qxf5 Rxf5 27. Bd6
Bxd6 28. Rxd6 Rd5 29. Ra6 Ra8 30. Re1 Rd4 31. Rc1 d6 32. Kf1 Kf7 33. Ke2 Kf6
34. Ke3 Ke5 35. Rc4 Kd5 36. Rxd4+ cxd4+ 37. Kd2 h6 38. h5 Kc5 39. a3 e5 40. b4+
Kd5 41. Ra5+ Ke6 42. Ra6 Kd7 43. Ke2 Kc7 44. Kd2 Kd7 45. Ke2 Ke6 46. Kd2 Kd5
47. Ra5+ Kc4 48. Ra6 d5 49. Ra5 e3+ 50. fxe3 dxe3+ 51. Kxe3 Rd8 52. Rxa7 d4+
53. Kd2 e4 54. Rc7+ Kb3 55. b5 Kxa3 56. b6 Rb8 57. b7 Kb4 58. g4 Kb5 59. Ke2
Kb6 60. Rc4 d3+ 61. Kd2 Rxb7 62. Rxe4 Kc5 63. Kxd3 Kd5 64. Ke3 Rf7 65. Rf4 Rxf4
66. Kxf4 Ke6 67. g5 Ke7 68. gxh6 gxh6 69. Kg4 Kf6 70. Kf4 Ke6 71. Ke4 1/2-1/2

[Event "East Lansing (MI Am/3)"]
[Site "?"]
[Date "1992.??.??"]
[Round "?"]
[White "Curtis, E."]
[Black "Jones, M."]
[Result "0-1"]
[WhiteElo "1605"]
[BlackElo "1605"]
[PlyCount "85"]
[EventDate "1992.??.??"]

1. d4 Nf6 2. c4 e5 3. Nf3 exd4 4. Nxd4 Bc5 5. e3 O-O 6. Bd3 Re8 7. O-O Nc6 8.
Nxc6 dxc6 9. Bc2 Be6 10. b3 Qxd1 11. Rxd1 Rad8 12. Bb2 Bf5 13. Rc1 Bxc2 14.
Bxf6 gxf6 15. Nc3 Bg6 16. g3 Ba3 17. Rd1 Bb2 18. Rxd8 Rxd8 19. Rd1 Rxd1+ 20.
Nxd1 Ba1 21. f4 Bb1 22. a3 Ba2 23. b4 Bxc4 24. Kf2 Bb3 25. Ke1 b5 26. Kd2 Bxd1
27. Kxd1 Bb2 28. Kc2 Bxa3 29. Kb3 Bc1 30. e4 Be3 31. Kc3 Bg1 32. h3 Bb6 33. g4
c5 34. bxc5 Bxc5 35. h4 a5 36. g5 fxg5 37. fxg5 a4 38. h5 Be3 39. g6 fxg6 40.
hxg6 hxg6 41. Kb4 Bd4 42. Kxb5 a3 43. Kc6 0-1

[Event "East Lansing (MI Am/5)"]
[Site "?"]
[Date "1992.??.??"]
[Round "?"]
[White "Curtis, E."]
[Black "Caron, L."]
[Result "1/2-1/2"]
[WhiteElo "1605"]
[BlackElo "1605"]
[PlyCount "114"]
[EventDate "1992.??.??"]

1. d4 d5 2. Nf3 e6 3. g3 g6 4. Bg2 Bg7 5. O-O Ne7 6. Re1 O-O 7. Bg5 f6 8. Bf4
Nbc6 9. c3 b6 10. e4 e5 11. dxe5 fxe5 12. Bg5 Bf6 13. Na3 Qd6 14. Rc1 Bb7 15.
c4 d4 16. Re2 Nb4 17. Rd2 c5 18. Nb5 Qd8 19. Bxf6 Rxf6 20. Nxe5 Nxa2 21. Ra1 a6
22. Nxd4 cxd4 23. Rxd4 Qc7 24. Rd7 Qxe5 25. Rxa2 Rb8 26. b3 Nc6 27. Rad2 Rff8
28. Qg4 Bc8 29. R2d5 Bxd7 30. Qxd7 Qe8 31. Rd6 Ne5 32. Qa7 a5 33. Rd5 Nc6 34.
Qc7 Ne7 35. Rd7 Rf7 36. Bh3 Kg7 37. Be6 Kf8 38. Bxf7 Kxf7 39. Rxe7+ Qxe7 40.
Qxb8 Qxe4 41. Qf4+ Qxf4 42. gxf4 Ke7 43. Kg2 Kd6 44. h4 h5 45. Kf3 Ke6 46. Ke4
Kd6 47. f3 Ke6 48. Kd4 Kd6 49. Ke3 Kc5 50. Kd3 Kb4 51. Kc2 b5 52. cxb5 Kxb5 53.
Kc3 Kc5 54. Kd3 Kd5 55. Kc3 Kc5 56. Kd3 Kb4 57. Kc2 Kc5 1/2-1/2

[Event "East Lansing (MI Am/1)"]
[Site "?"]
[Date "1992.??.??"]
[Round "?"]
[White "Cunningham, J."]
[Black "Skidmore, Mike"]
[Result "0-1"]
[WhiteElo "1605"]
[BlackElo "1925"]
[PlyCount "102"]
[EventDate "1992.??.??"]

1. d4 d5 2. e3 Bf5 3. Bd3 Bxd3 4. Qxd3 Nf6 5. Nf3 e6 6. Qb5+ Nfd7 7. Qxb7 Nb6
8. Ne5 Qd6 9. c4 dxc4 10. Nxc4 Qb4+ 11. Ncd2 Bd6 12. Qf3 O-O 13. O-O N8d7 14.
a3 Qa5 15. Ne4 Qd5 16. Nbc3 Qb3 17. Nxd6 cxd6 18. Qc6 d5 19. e4 dxe4 20. Qxe4
Nf6 21. Qf3 Rac8 22. Re1 Nc4 23. Re2 Nd5 24. Bd2 Qxb2 25. Ra2 Nxd2 26. Rxd2
Qxc3 27. Qxc3 Rxc3 28. h3 Rfc8 29. a4 h6 30. g3 Nb4 31. Rab2 a5 32. Kf1 Rc2 33.
Rdxc2 Rxc2 34. Rb1 Rd2 35. Rc1 Rxd4 36. Rc5 Rd5 37. Rc8+ Kh7 38. Rc7 Kg6 39. g4
Nd3 40. Kg2 Nb2 41. Kg3 Nxa4 42. f3 Nb2 43. h4 a4 44. h5+ Kf6 45. Ra7 Rd4 46.
Ra5 g5 47. hxg6 fxg6 48. Kh4 Rd3 49. Ra8 a3 50. f4 g5+ 51. fxg5+ hxg5+ 0-1

[Event "East Lansing (MI Am/5)"]
[Site "?"]
[Date "1992.??.??"]
[Round "?"]
[White "Cunningham, J."]
[Black "Pontoni, M."]
[Result "1-0"]
[WhiteElo "1605"]
[BlackElo "1605"]
[PlyCount "45"]
[EventDate "1992.??.??"]

1. e4 e5 2. Nf3 Nc6 3. Bb5 Nf6 4. d3 Bc5 5. Bxc6 dxc6 6. Bg5 h6 7. Bxf6 Qxf6 8.
h3 Qg6 9. g3 O-O 10. Nxe5 Qd6 11. Nc4 Qd4 12. Qf3 f5 13. c3 fxe4 14. Qxf8+ Kxf8
15. cxd4 Bxd4 16. Nc3 exd3 17. O-O-O Bxf2 18. Rhf1 b5 19. Rxf2+ Kg8 20. Ne5
Bxh3 21. Rxd3 Re8 22. Nxc6 Re1+ 23. Kd2 1-0

[Event "Lansing (Aug)"]
[Site "?"]
[Date "1992.??.??"]
[Round "?"]
[White "Cunningham, J."]
[Black "Duweck, Mike"]
[Result "0-1"]
[WhiteElo "1605"]
[BlackElo "1605"]
[PlyCount "108"]
[EventDate "1992.??.??"]

1. e4 c5 2. c4 d6 3. Nc3 Nf6 4. d3 g6 5. Nf3 Bg7 6. Bg5 O-O 7. Qd2 Nc6 8. h3 b6
9. Bh6 Bb7 10. Bxg7 Kxg7 11. Nd5 e6 12. Nxf6 Qxf6 13. Be2 Rad8 14. O-O d5 15.
cxd5 exd5 16. Qc3 d4 17. Qc4 Rfe8 18. b3 Ne5 19. Nxe5 Qxe5 20. f4 Qe6 21. Qc1
Qf6 22. Bf3 Qh4 23. e5 Bxf3 24. Rxf3 f5 25. Kh2 Re6 26. Rg3 Qe7 27. Qd2 Qb7 28.
Rf1 Qa6 29. Qc2 Rc8 30. Qc4 b5 31. Qd5 Qc6 32. Qxc6 Rcxc6 33. Rc1 Rc8 34. a3
Ra6 35. Ra1 c4 36. bxc4 bxc4 37. dxc4 Rxc4 38. Rd3 Kf7 39. Rb1 Rb6 40. Rbd1 Ke6
41. Rxd4 Rxd4 42. Rxd4 Ra6 43. a4 Rc6 44. Kg3 h6 45. h4 g5 46. hxg5 hxg5 47.
Kf3 Rc3+ 48. Ke2 gxf4 49. Rxf4 Kxe5 50. Rf2 Ra3 51. Kd2 Rxa4 52. Kc3 Rg4 53.
Ra2 Rg3+ 54. Kc4 Rg7 0-1

[Event "East Lansing (MI Am/3)"]
[Site "?"]
[Date "1992.??.??"]
[Round "?"]
[White "Cunningham, J."]
[Black "Cooper, G."]
[Result "1-0"]
[WhiteElo "1605"]
[BlackElo "1605"]
[PlyCount "123"]
[EventDate "1992.??.??"]

1. e4 e6 2. Nf3 d5 3. exd5 exd5 4. d4 Nf6 5. Bg5 Bb4+ 6. c3 Be7 7. Bxf6 Bxf6 8.
Be2 Bg4 9. Nbd2 Nd7 10. Qb3 Nb6 11. O-O c6 12. Rae1 Qc7 13. h3 Bh5 14. c4 O-O-O
15. cxd5 Rxd5 16. Nc4 Bxf3 17. Nxb6+ axb6 18. Bxf3 Rxd4 19. Re2 h5 20. Re4 Rd2
21. Qa3 Bxb2 22. Qb4 Rc2 23. Qb3 Rd2 24. Qb4 Qd8 25. Rfe1 Bf6 26. Qa4 Kc7 27.
R4e3 Bd4 28. Re7+ Kb8 29. R7e2 Rxe2 30. Rxe2 b5 31. Qb3 Qc7 32. a4 bxa4 33.
Qxa4 Rd8 34. Ra2 Qb6 35. Be4 Be5 36. Qc2 Qc5 37. Qb1 Qd4 38. Bf3 g6 39. Qb3 Qf4
40. g3 Qf5 41. Bxc6 Rd1+ 42. Qxd1 bxc6 43. Qb3+ Kc7 44. Ra7+ Kd6 45. Qd1+ Kc5
46. Ra5+ Kb6 47. Ra4 c5 48. Qb3+ Kc6 49. Ra6+ Kc7 50. Ra7+ Kd6 51. Ra6+ Kc7 52.
Qb6+ Kd7 53. Ra7+ Ke8 54. Ra8+ Kd7 55. Qd8+ Kc6 56. Ra6+ Kb7 57. Rb6+ Ka7 58.
Rb3 Qe6 59. Qa5+ Qa6 60. Qxc5+ Ka8 61. Ra3 Qxa3 62. Qxa3+ 1-0

[Event "Lansing (Aug)"]
[Site "?"]
[Date "1992.??.??"]
[Round "?"]
[White "Cunningham, J."]
[Black "Anderson, D."]
[Result "1/2-1/2"]
[WhiteElo "1605"]
[BlackElo "1605"]
[PlyCount "122"]
[EventDate "1992.??.??"]

1. e4 c5 2. c4 d6 3. Nc3 Nf6 4. Nf3 Nc6 5. d3 g6 6. h3 Bg7 7. Be3 O-O 8. Qd2
Re8 9. Be2 a6 10. O-O Rb8 11. Nd5 Nxd5 12. cxd5 Ne5 13. d4 Nxf3+ 14. Bxf3 c4
15. b3 cxb3 16. axb3 b5 17. Rfe1 e6 18. dxe6 fxe6 19. Bh6 Bh8 20. e5 dxe5 21.
dxe5 Qxd2 22. Bxd2 Bb7 23. Bxb7 Rxb7 24. Rxa6 Kf7 25. Bg5 Bg7 26. f4 h6 27. Bh4
Bf8 28. Rd1 Be7 29. Bxe7 Rexe7 30. Rdd6 h5 31. h4 Rb8 32. Kf2 Rbb7 33. Rab6
Rbd7 34. Rxd7 Rxd7 35. Rxb5 Ke7 36. b4 Kf7 37. Kg3 Rd3+ 38. Kf2 Rd2+ 39. Kg3
Rd3+ 40. Kh2 Rb3 41. Rb7+ Kf8 42. b5 Rb2 43. b6 Rb3 44. g3 Rb2+ 45. Kh3 Rb3 46.
Rb8+ Kf7 47. Kg2 Rb2+ 48. Kf3 Rb3+ 49. Kg2 Rb2+ 50. Kh3 Rb3 51. Rb7+ Kf8 52.
Ra7 Rxb6 53. Ra3 Rb4 54. Rf3 Kg7 55. g4 Kh6 56. gxh5 Kxh5 57. Kg3 Ra4 58. Rd3
Rc4 59. Rd6 Rc3+ 60. Kg2 Kxh4 61. Rxe6 Kg4 1/2-1/2

[Event "Detroit (MOR/3/85)"]
[Site "?"]
[Date "1992.??.??"]
[Round "?"]
[White "Cramblit, G."]
[Black "Vaka, Flamur"]
[Result "1-0"]
[WhiteElo "1605"]
[BlackElo "1605"]
[PlyCount "123"]
[EventDate "1992.??.??"]

{3/(85)} 1. d4 Nf6 2. c4 c5 3. e3 cxd4 4. exd4 g6 5. Nf3 Bg7 6. Nc3 d6 7. Be2
O-O 8. O-O Bf5 9. Qb3 Qc7 10. Be3 Nbd7 11. Nh4 Nb6 12. Nxf5 gxf5 13. Rac1 Ng4
14. Qc2 Nxc4 15. Nb5 Ngxe3 16. fxe3 Qb6 17. Qxc4 a6 18. Qc7 Qxc7 19. Nxc7 Rac8
20. Rxf5 e6 21. Rff1 Rfd8 22. Rc2 Rd7 23. Rfc1 Bh6 24. Kf2 d5 25. a3 Bf8 26.
Nxa6 Rxc2 27. Rxc2 bxa6 28. Bxa6 Bh6 29. a4 Ra7 30. Bb5 Bg5 31. Rc8+ Kg7 32.
Rc6 Bh4+ 33. Kf3 Bg5 34. Ra6 Rc7 35. Bc6 Be7 36. Rb6 Kf6 37. a5 Ra7 38. a6 Bd8
39. Rb8 Rxa6 40. Rxd8 Rxc6 41. Rb8 Rc1 42. b4 h5 43. b5 Kf5 44. b6 Rb1 45. b7
Rb2 46. Rh8 Rxb7 47. Rxh5+ Kf6 48. Kf4 Rb2 49. Kf3 Kg6 50. Rh3 Rb1 51. Kg4 Rb2
52. Rg3 Rf2 53. Kh3+ Kf5 54. Rf3+ Rxf3+ 55. gxf3 f6 56. Kh4 e5 57. dxe5 fxe5
58. Kg3 d4 59. exd4 exd4 60. Kf2 Kg5 61. Ke2 Kf4 62. h4 1-0

[Event "Detroit (MOR/4/76)"]
[Site "?"]
[Date "1992.??.??"]
[Round "?"]
[White "Cramblit, G."]
[Black "Griffin, John"]
[Result "1-0"]
[WhiteElo "1605"]
[BlackElo "1640"]
[PlyCount "107"]
[EventDate "1992.??.??"]

{4/(76)} 1. d4 Nf6 2. c4 e6 3. a3 b6 4. Nf3 Bb7 5. e3 c5 6. dxc5 Bxc5 7. b4 Be7
8. Bb2 d6 9. Nbd2 Nbd7 10. Be2 O-O 11. O-O Ne4 12. Nxe4 Bxe4 13. Qd4 Nf6 14.
Rfd1 Bb7 15. Bd3 Ne8 16. Qf4 h6 17. Qg3 Bf6 18. Bxf6 Qxf6 19. Qh4 Rc8 20. Qxf6
Nxf6 21. Rac1 Rfd8 22. Kf1 d5 23. Be2 Rd7 24. cxd5 exd5 25. Rxc8+ Bxc8 26. Rc1
Bb7 27. Bb5 Re7 28. Nd4 g6 29. Rc2 Ne4 30. Bc6 Bxc6 31. Rxc6 Rd7 32. Ke2 Kf8
33. h4 Ke7 34. h5 Nf6 35. hxg6 fxg6 36. Kd3 Kf7 37. Nf3 Ng4 38. Kd4 Kg7 39. Ne5
Nxe5 40. Kxe5 Kf7 41. Rd6 Rc7 42. Rxd5 Re7+ 43. Kd6 Re4 44. Rd4 Re6+ 45. Kc7 a5
46. b5 Rf6 47. Rf4 h5 48. Rxf6+ Kxf6 49. Kxb6 h4 50. Kc6 g5 51. b6 g4 52. b7 h3
53. gxh3 gxh3 54. b8=Q 1-0

[Event "Detroit (MOR/7/83)"]
[Site "?"]
[Date "1992.??.??"]
[Round "?"]
[White "Cramblit, G."]
[Black "Buerkle, T."]
[Result "0-1"]
[WhiteElo "1605"]
[BlackElo "1605"]
[PlyCount "92"]
[EventDate "1992.??.??"]

{7/(83)} 1. d4 d5 2. c4 e6 3. a3 a5 4. Nf3 Nf6 5. Nc3 Be7 6. Bf4 c6 7. e3 Nbd7
8. c5 O-O 9. Bd3 b6 10. b4 bxc5 11. bxc5 Ba6 12. Bxa6 Rxa6 13. Rb1 Qa8 14. a4
g6 15. Ne5 Rc8 16. Nxd7 Nxd7 17. h4 Nf6 18. g4 Bd8 19. Qf3 Ra7 20. h5 Ne8 21.
hxg6 fxg6 22. Qh3 g5 23. Qh5 Bf6 24. Bxg5 Bxg5 25. Qxg5+ Rg7 26. Qh6 Nc7 27.
Rh5 Re8 28. Rg5 Ree7 29. Rxg7+ Rxg7 30. Qf4 Qe8 31. Rb7 Qc8 32. Rb6 Na6 33. Na2
Rb7 34. Qg5+ Rg7 35. Qh5 Nb8 36. Kd2 Nd7 37. Rb2 Nf6 38. Qe5 Kf7 39. g5 Ne4+
40. Ke1 Rxg5 41. Qh2 h5 42. f3 Nf6 43. Nc3 Kg6 44. Ne2 Kh6 45. Nf4 Qe8 46. Rb8
Qxb8 0-1

[Event "Flint (Class C/2)"]
[Site "?"]
[Date "1992.??.??"]
[Round "?"]
[White "Cooper, Willie"]
[Black "Walker, LeRoy"]
[Result "1/2-1/2"]
[WhiteElo "1605"]
[BlackElo "1605"]
[PlyCount "70"]
[EventDate "1992.??.??"]

1. d4 c6 2. e3 d5 3. Bd3 Nf6 4. Nf3 Bg4 5. Nbd2 Nbd7 6. O-O e5 7. dxe5 Nxe5 8.
h3 Nxd3 9. cxd3 Be6 10. d4 Bd6 11. Ne5 Bxe5 12. dxe5 Ne4 13. Nf3 O-O 14. Nd4 c5
15. Nxe6 fxe6 16. Qg4 Qe7 17. f3 Ng5 18. e4 Nf7 19. exd5 Nxe5 20. Qxe6+ Qxe6
21. dxe6 Rae8 22. f4 Nc6 23. f5 g6 24. g4 gxf5 25. gxf5 Nd4 26. Be3 Rxf5 27.
Rxf5 Nxf5 28. Bxc5 b6 29. Rf1 Nh6 30. Bb4 a5 31. Ba3 Rxe6 32. Rf8+ Kg7 33. Rb8
Nf5 34. Kf2 Nd4 35. h4 Kg6 1/2-1/2

[Event "Flint (Class C/5)"]
[Site "?"]
[Date "1992.??.??"]
[Round "?"]
[White "Cooper, Willie"]
[Black "Rumsey, S."]
[Result "0-1"]
[WhiteElo "1605"]
[BlackElo "1605"]
[PlyCount "118"]
[EventDate "1992.??.??"]

1. d4 d5 2. e3 Bf5 3. Nd2 Nf6 4. Ngf3 e6 5. Ne5 Nbd7 6. Be2 Nxe5 7. dxe5 Ne4 8.
Nf3 Bb4+ 9. Bd2 Bxd2+ 10. Nxd2 Nxd2 11. Qxd2 O-O 12. O-O c5 13. c4 dxc4 14.
Qxd8 Rfxd8 15. Bxc4 Rd2 16. b3 Rad8 17. f3 Bd3 18. Rfd1 Bxc4 19. Rxd2 Rxd2 20.
bxc4 Kf8 21. g4 Rc2 22. Rb1 b6 23. Rd1 Ke7 24. Rd6 Rxa2 25. h4 Rc2 26. Rc6 Kd7
27. Rd6+ Kc7 28. f4 a5 29. f5 exf5 30. gxf5 h5 31. Kf1 a4 32. Rd3 Rxc4 33. e6
fxe6 34. fxe6 Re4 35. Rd7+ Kc6 36. Rxg7 Rxe6 37. Ke2 Re4 38. Kf3 Rxh4 39. e4 a3
40. Rg6+ Kb5 41. Rg2 Rg4 42. Rd2 Kc6 43. e5 Rd4 44. Re2 Kd7 45. Ra2 Ke6 46.
Rxa3 Kxe5 47. Re3+ Kd5 48. Rb3 Kc6 49. Ke2 b5 50. Rh3 h4 51. Ke3 Kd5 52. Rf3
Kc4 53. Rf1 b4 54. Rc1+ Kb5 55. Rb1 Rd8 56. Rh1 c4 57. Rxh4 b3 58. Rh2 Kb4 59.
Rd2 Rxd2 0-1

[Event "Lansing (Apr)"]
[Site "?"]
[Date "1992.??.??"]
[Round "?"]
[White "Cooper, G."]
[Black "Stockton, T."]
[Result "0-1"]
[WhiteElo "1605"]
[BlackElo "1605"]
[PlyCount "72"]
[EventDate "1992.??.??"]

1. e4 e5 2. Nf3 Nc6 3. d4 exd4 4. Bc4 Bc5 5. O-O Nf6 6. Re1 O-O 7. Bg5 h6 8.
Bh4 d6 9. c3 Ne5 10. Nxe5 dxe5 11. cxd4 Bxd4 12. Nc3 Bd7 13. Nd5 g5 14. Bg3
Nxd5 15. exd5 Re8 16. Rb1 c6 17. d6 Be6 18. Bxe6 Rxe6 19. Qb3 b6 20. Rbd1 Qxd6
21. Rd3 Qd5 22. Qd1 Rd8 23. b3 Bxf2+ 24. Kxf2 Qxd3 25. Qxd3 Rxd3 26. Bxe5 Rd2+
27. Ke3 Rd5 28. Rc1 Rexe5+ 29. Kf3 c5 30. Rc4 f5 31. h3 b5 32. Rc2 Rd3+ 33. Kf2
h5 34. Re2 Rxe2+ 35. Kxe2 c4 36. b4 Rd5 0-1

[Event "Lansing (Apr)"]
[Site "?"]
[Date "1992.??.??"]
[Round "?"]
[White "Cooper, G."]
[Black "Caron, L."]
[Result "1-0"]
[WhiteElo "1605"]
[BlackElo "1605"]
[PlyCount "49"]
[EventDate "1992.??.??"]

1. e4 c5 2. Nf3 Nc6 3. d4 d6 4. Nc3 Bg4 5. dxc5 dxc5 6. Be2 Qxd1+ 7. Nxd1 e5 8.
Ne3 Bxf3 9. Bxf3 Bd6 10. Nf5 O-O-O 11. Nxg7 Nb4 12. O-O Nxc2 13. Rb1 Nd4 14.
Bg5 Rd7 15. Bg4 Ne6 16. Nxe6 fxe6 17. Bxe6 Be7 18. Bxd7+ Kxd7 19. Rfd1+ Bd6 20.
Rbc1 b6 21. Rd5 Ne7 22. Bxe7 Rg8 23. Bxd6 Ke6 24. Rcd1 Rd8 25. Rxe5+ 1-0

[Event "East Lansing (MI Am/5)"]
[Site "?"]
[Date "1992.??.??"]
[Round "?"]
[White "Cooper, G."]
[Black "Boyle, John"]
[Result "1-0"]
[WhiteElo "1605"]
[BlackElo "1605"]
[PlyCount "57"]
[EventDate "1992.??.??"]

1. c4 e5 2. Nc3 Nc6 3. g3 Nf6 4. Bg2 Bc5 5. Nf3 d6 6. d3 Bg4 7. Bg5 Qd7 8. Bxf6
gxf6 9. Nd5 Bb4+ 10. Nd2 Qd8 11. Nxb4 Nxb4 12. Qa4+ Nc6 13. Bxc6+ bxc6 14.
Qxc6+ Ke7 15. Qe4 Bh3 16. f3 Be6 17. Qh4 Rb8 18. b3 c5 19. Ne4 Qa5+ 20. Kf2
Rhg8 21. Nxf6 Rg6 22. Nd5+ Kd7 23. Qe7+ Kc6 24. Rhb1 h5 25. a3 Rc8 26. b4 Qa4
27. b5+ Qxb5 28. Rxb5 Rc7 29. Qxc7# 1-0

[Event "Lansing (Aug)"]
[Site "?"]
[Date "1992.??.??"]
[Round "?"]
[White "Cooper, G."]
[Black "Bohnhorst, B."]
[Result "0-1"]
[WhiteElo "1605"]
[BlackElo "1605"]
[PlyCount "86"]
[EventDate "1992.??.??"]

1. c4 c6 2. Nc3 d5 3. Nf3 Bg4 4. e3 e5 5. h3 Bh5 6. Be2 Bxf3 7. Bxf3 Nf6 8.
cxd5 Nxd5 9. Qb3 Nb6 10. O-O Qc7 11. d4 exd4 12. exd4 Be7 13. Re1 O-O 14. Bd2
Re8 15. Rac1 N8d7 16. Nd5 Qd8 17. Nxe7+ Rxe7 18. Bg5 Rxe1+ 19. Rxe1 Qxg5 20.
Bg4 Nf6 21. Re7 Qd5 22. Rxb7 Qxb3 23. axb3 Nxg4 24. hxg4 Nd5 25. g3 a5 26. Kf1
h6 27. f4 Ne3+ 28. Ke2 Nxg4 29. Rc7 Re8+ 30. Kf3 Nf6 31. Rxc6 Rb8 32. Rc3 Nd5
33. Rd3 f5 34. g4 g6 35. Kg3 Re8 36. gxf5 gxf5 37. Rf3 Re4 38. Rd3 Nxf4 39. d5
Nh5+ 40. Kf3 Nf6 41. d6 Nd7 42. Rc3 Rd4 43. Rc6 Ne5+ 0-1

[Event "East Lansing (MI Am/2)"]
[Site "?"]
[Date "1992.??.??"]
[Round "?"]
[White "Cooper, G."]
[Black "Anderson, M."]
[Result "0-1"]
[WhiteElo "1605"]
[BlackElo "1680"]
[PlyCount "60"]
[EventDate "1992.??.??"]

1. c4 c5 2. Nf3 Nf6 3. g3 d5 4. cxd5 Nxd5 5. Bg2 g6 6. d4 Bg7 7. dxc5 Qa5+ 8.
Nfd2 Qxc5 9. Nb3 Qb4+ 10. Bd2 Qd6 11. Qc2 O-O 12. O-O Nc6 13. Nc3 Nxc3 14. Bxc3
Bxc3 15. Qxc3 Qe5 16. Qc2 Bf5 17. e4 Be6 18. f4 Qc7 19. Rad1 Qb6+ 20. Kh1 Nb4
21. Qc5 Nxa2 22. Qxb6 axb6 23. Nd4 Bc4 24. Rf2 Rad8 25. Rc2 Bb3 26. Rc7 Bxd1
27. Nb5 Be2 28. Bh3 Bxb5 29. Rxe7 Rd1+ 30. Kg2 Bf1+ 0-1

[Event "Detroit (MOR/4/75)"]
[Site "?"]
[Date "1992.??.??"]
[Round "?"]
[White "Cook, P."]
[Black "Waugh, D."]
[Result "1-0"]
[WhiteElo "1650"]
[BlackElo "1605"]
[PlyCount "95"]
[EventDate "1992.??.??"]

{4/(75)} 1. d4 d5 2. Bf4 Nf6 3. e3 Nc6 4. Nf3 Bf5 5. a3 a6 6. Nbd2 e6 7. Nh4
Be4 8. f3 Bg6 9. Nxg6 hxg6 10. Bg5 Be7 11. Qe2 Nh5 12. Bxe7 Qxe7 13. Qf2 Qd6
14. f4 g5 15. g3 gxf4 16. gxf4 O-O-O 17. Be2 Nxd4 18. exd4 Qxf4 19. Bxh5 Qxf2+
20. Kxf2 Rxh5 21. Rag1 Rg8 22. Rg2 Kd7 23. Ke2 Kd6 24. Nf3 c5 25. dxc5+ Kxc5
26. Rg5 g6 27. Rxh5 gxh5 28. Rg1 Rxg1 29. Nxg1 Kd4 30. Kf3 Ke5 31. Ne2 f6 32.
h4 Kf5 33. Nf4 e5 34. Nxd5 e4+ 35. Kg3 Ke5 36. Nxf6 Kxf6 37. Kf4 e3 38. Kxe3
Kf5 39. Kf3 Ke5 40. a4 b5 41. axb5 axb5 42. c3 Kf5 43. b3 Ke5 44. c4 bxc4 45.
bxc4 Kd4 46. Kf4 Kxc4 47. Kg5 Kd5 48. Kxh5 1-0

[Event "Detroit (MOR/2/74)"]
[Site "?"]
[Date "1992.??.??"]
[Round "?"]
[White "Cook, P."]
[Black "Malone, Jamal"]
[Result "1-0"]
[WhiteElo "1650"]
[BlackElo "1605"]
[PlyCount "33"]
[EventDate "1992.??.??"]

{2/(74)} 1. d4 d6 2. e4 g6 3. f4 Bg7 4. h3 d5 5. e5 f6 6. Nf3 fxe5 7. fxe5 Bf5
8. Be2 e6 9. O-O Ne7 10. g4 Be4 11. Ng5 Qd7 12. Nf7 O-O 13. Nh6+ Bxh6 14. Bxh6
Rxf1+ 15. Qxf1 Nbc6 16. Qf6 Nf5 17. gxf5 1-0

[Event "Detroit (MOR/6/56)"]
[Site "?"]
[Date "1992.??.??"]
[Round "?"]
[White "Cook, P."]
[Black "Calton, David A"]
[Result "0-1"]
[WhiteElo "1650"]
[BlackElo "1720"]
[PlyCount "80"]
[EventDate "1992.??.??"]

{6/(56)} 1. d4 g6 2. e3 Bg7 3. c3 d6 4. f4 f5 5. Nf3 Nf6 6. Bc4 d5 7. Bb3 Nbd7
8. Nbd2 e6 9. O-O O-O 10. a4 Ne4 11. a5 Ndf6 12. Ne5 Nd7 13. Ndf3 Nxe5 14. dxe5
g5 15. Bc2 h6 16. Bxe4 dxe4 17. Qxd8 Rxd8 18. Nd4 g4 19. b3 Bf8 20. Ba3 c5 21.
Ne2 b6 22. Rfd1 Ba6 23. Ng3 Bd3 24. b4 cxb4 25. Bxb4 Bxb4 26. cxb4 bxa5 27.
bxa5 a6 28. Rdc1 Rdc8 29. Nh5 Kf7 30. Nf6 Ke7 31. g3 Rab8 32. Rxc8 Rxc8 33. Ra2
Rc1+ 34. Kg2 Re1 35. Kf2 Rf1+ 36. Kg2 Rf3 37. Rb2 Rxe3 38. Rb7+ Kd8 39. Rd7+
Kc8 40. Re7 Rf3 0-1

[Event "Detroit (Pan Am/3)"]
[Site "?"]
[Date "1992.??.??"]
[Round "?"]
[White "Conlon, Russell"]
[Black "Mankiewicz, Ryan"]
[Result "1/2-1/2"]
[WhiteElo "1805"]
[BlackElo "1605"]
[PlyCount "96"]
[EventDate "1992.??.??"]

1. d4 d5 2. c4 e6 3. Nf3 c6 4. g3 Nf6 5. Bg2 Bb4+ 6. Bd2 Bxd2+ 7. Nbxd2 O-O 8.
O-O Na6 9. Ne5 c5 10. cxd5 exd5 11. dxc5 Nxc5 12. Ndf3 Re8 13. b4 Ncd7 14. Nxd7
Bxd7 15. Nd4 Qe7 16. Qb3 Be6 17. Rac1 Rac8 18. Qb2 Rc4 19. a3 Rec8 20. Rxc4
Rxc4 21. Rc1 Qc7 22. Rxc4 Qxc4 23. e3 Bd7 24. Bf1 Qc7 25. Nb3 b6 26. Bd3 Ne4
27. Qd4 Nf6 28. f3 Ba4 29. Qb2 Bxb3 30. Qxb3 Qc1+ 31. Bf1 Qd2 32. Qd3 Qxd3 33.
Bxd3 h6 34. Kf1 Kf8 35. Ke2 Ke7 36. Bb5 Kd6 37. Kd3 Nd7 38. Kd4 Ne5 39. Be2
Nc6+ 40. Kd3 a5 41. b5 Na7 42. Kd4 Nc8 43. f4 Ne7 44. g4 f6 45. Bf3 g6 46. h3
Ke6 47. a4 Kd6 48. h4 Ke6 1/2-1/2